Odporúčanie verzií aplikácií
Uložené v:
| Hlavný autor: | |
|---|---|
| Ďalší autori: | |
| Médium: | Rukopis Kniha |
| Jazyk: | Slovak |
| Vydavateľské údaje: |
2016
|
| Predmet: | |
| On-line prístup: | http://is.stuba.sk/zp/portal_zp.pl?podrobnosti=119303 |
| Tagy: |
Žiadne tagy, Buďte prvý, kto otaguje tento záznam!
|
MARC
| LEADER | 00000ntm a22000003a 4500 | ||
|---|---|---|---|
| 001 | stuzp58942 | ||
| 003 | SK-STU | ||
| 005 | 20160719155719.3 | ||
| 007 | ta | ||
| 008 | 150427s2015----xo-----f-mn---000-0-slo-d | ||
| 040 | |a STU |b slo | ||
| 041 | 0 | |a slo | |
| 100 | 1 | |a Poljak, Pavol |u 070200 |k Z4 |4 aut |U FIIT Fakulta informatiky a informačných technológií |T FIIT Ústav informatiky, informačných systémov a softvérového inžinierstva |X 46141 |U I200 |Y 179 |7 A000046141 | |
| 242 | 0 | 1 | |a Recommendation of application versions |y eng |
| 245 | 1 | 0 | |a Odporúčanie verzií aplikácií |
| 260 | |c 2016 | ||
| 650 | 4 | |a odporúčanie aplikácií |2 slo | |
| 650 | 4 | |a verzia aplikácie |2 slo | |
| 650 | 4 | |a metadáta |2 slo | |
| 650 | 4 | |a kolaboratívne odporúčanie |2 slo | |
| 650 | 4 | |a profil používateľa |2 slo | |
| 650 | 4 | |a personalizované odporúčanie |2 slo | |
| 650 | 4 | |a application versions |2 eng | |
| 650 | 4 | |a recommendation of applications |2 eng | |
| 650 | 4 | |a metadata |2 eng | |
| 650 | 4 | |a collaborative recommendation |2 eng | |
| 650 | 4 | |a user's profile |2 eng | |
| 650 | 4 | |a personalized recommendation |2 eng | |
| 700 | 1 | |a Návrat, Pavol |u 070200 |k Z1 |4 ths |U FIIT Fakulta informatiky a informačných technológií |T FIIT Ústav informatiky, informačných systémov a softvérového inžinierstva |X 4660 |U I200 |Y 179 |7 4660 | |
| 856 | 4 | |u http://is.stuba.sk/zp/portal_zp.pl?podrobnosti=119303 | |
| 996 | |b 8256 |c I* DIP 80/2016 |l II680 |s P |a 0 |w stuzp58942_0001 | ||
| SQL | |a stuzp58942 |b DDP |c SLO |d Odporúčanie verzií aplikácií |e 46141 |f Poljak, Pavol |g 070200 |h 4660 |i Návrat, Pavol |j 20160613 |k 211 |l 07 |m http://is.stuba.sk/zp/portal_zp.pl?podrobnosti=119303 |n I-SI2 |o 9.2.5. softvérové inžinierstvo | ||